| 000 | 00306 a2200133 4500 | ||
|---|---|---|---|
| 001 | 73688 | ||
| 082 | _a620.1341 TSE | ||
| 090 |
_c38980 _d38980 |
||
| 100 | _aTse Moris | ||
| 245 |
_aMechanical Viberations 2nd Ed _hEnglish |
||
| 250 | _a2 | ||
| 260 |
_aUSA _bAllyn & Bacon Inc _c1978 |
||
| 300 | _a449p | ||
| 942 |
_aCAE NUST _k620.1341 TSE |
||
| 999 |
_c308761 _d308761 |
||